व्यापारिक पत्र-लेखनः (Record no. 32018)

MARC details
000 -LEADER
fixed length control field 01653nam a22002897a 4500
005 - DATE AND TIME OF LATEST TRANSACTION
control field 2009112108048.0
008 - FIXED-LENGTH DATA ELEMENTS--GENERAL INFORMATION
fixed length control field 091116t xxu||||| |||| 00| 0 hin d
010 ## - LCCN (DPL NO)
LC control number HIN-88622
020 ## - INTERNATIONAL STANDARD BOOK NUMBER
Terms of availability 100.00
International Standard Book Number 9788183481496
020 ## - INTERNATIONAL STANDARD BOOK NUMBER
Terms of availability 100.00
International Standard Book Number 8183481493
035 ## - SYSTEM CONTROL NUMBER
System control number HN-60968
037 ## - SOURCE OF ACQUISITION
Source of stock number/acquisition DBAD / VEN / सुरेन्द्र कुमार एण्ड संस
040 ## - CATALOGING SOURCE
Original cataloging agency DPL
Language of cataloging HN
082 ## - DEWEY DECIMAL CLASSIFICATION NUMBER
Classification number 808.6
100 ## - MAIN ENTRY--PERSONAL NAME
Personal name अथैया, मधुर
245 ## - TITLE STATEMENT
Title व्यापारिक पत्र-लेखनः
Statement of responsibility, etc मधुर अथैया
Remainder of title ( आधुनिक एवम् व्यावहारिक दृष्टिकोण ) /
246 ## - VARYING FORM OF TITLE
Title proper/short title Vyaparik Patr-Laikhan :(Aadhunik evm Vyavaharik Drishtikon) /
Remainder of title Madhur Athaiya
260 ## - PUBLICATION, DISTRIBUTION, ETC. (IMPRINT)
Place of publication, distribution, etc मेरठ
Name of publisher, distributor, etc अरिहन्त पब्लिकेशन्स
Date of publication, distribution, etc 2008
270 ## - ADDRESS
Address कालिन्दी, ट्रांसपोर्ट नगर,
City मेरठ
Postal code
Telephone number 012-2401479, 2512970, 2402029
Fax number
300 ## - PHYSICAL DESCRIPTION
Extent 288पृ
Dimensions 22सेमी (अजिल्द)
650 ## - SUBJECT ADDED ENTRY--TOPICAL TERM
Topical term or geographic name as entry element हिन्दी भाषा
General subdivision पत्र व्यवहार
650 ## - SUBJECT ADDED ENTRY--TOPICAL TERM
Topical term or geographic name as entry element Hindi language
General subdivision Correspondence
700 ## - ADDED ENTRY--PERSONAL NAME
Personal name
942 ## - ADDED ENTRY ELEMENTS (KOHA)
Source of classification or shelving scheme Dewey Decimal Classification
Item type Hindi Books
Classification part 808.6
Call number suffix अथैया
Holdings
Withdrawn status Lost status Source of classification or shelving scheme Damaged status Not for loan Collection code Home library Current library Date acquired Source of acquisition Cost, normal purchase price Total Checkouts Full call number Barcode Date last seen Copy number Cost, replacement price Koha item type
    Dewey Decimal Classification   Not For Loan Non-fiction D.B.Act.Division D.B.Act.Division 21/11/2009 DBAD /VEN 100.00   808.6 अथैया HN-60968 21/11/2009 1 100.00 Hindi Books

© Delhi Public Library
Hit Counter
free hit counter